000 00265nam a2200109Ia 4500
008 191206s9999 xx 000 0 und d
090 _aPR6056.U4B4
245 0 _ablood knot: a play in seven scenes
260 _aSimondium
260 _cc1963
300 _a131 p. 20 cm.
999 _c15570
_d15570